| 000 | 00421nam a2200157 4500 | ||
|---|---|---|---|
| 001 | 119221 | ||
| 003 | ES-MaACL | ||
| 005 | 20230906191249.0 | ||
| 007 | t| | ||
| 008 | 070214s1973 sp r ||||1| spa d | ||
| 100 | 1 |
_aPich, José María. _991823 |
|
| 245 | 1 | 3 |
_aEl desafío de los hijos / _cJosé María Pich. |
| 260 |
_aMadrid : _bRialp, _c1973. |
||
| 300 |
_a257 p. ; _c19 cm. |
||
| 852 |
_aES-MaACL _jC-48595 _bR.85340 |
||
| 999 |
_c119221 _d119221 |
||